LEADER 01269nam a2200265 u 4500 001 000000088613 003 CaOOAMICUS 005 20070226124530.0 008 051104s1956 it u000 u ita u 035 $a11066721 040 $aPUL(R)$bita 100 1 $aAgazzi, Aldo.$0(OLS)http://pul/name/11571 245 12$aL'esame, le interrogazioni e i compiti a casa /$cA. Agazzi ... [et al.]. 260 $aRoma :$bEd. dell'Unione Cattolica Italiana Insegnanti medi,$c1956. 300 $a206 p. ;$c20 cm 490 1 $aLuce nella professione ;$v16 650 4$aEducazione cristiana.$0(OLS)http://pul/subject/10462 650 4$aEsami.$0(OLS)http://pul/subject/29205 830 0$aLuce nella professione ;$v16.$0(OLS)http://pul/title/20740 850 $aPUL 852 $aPUL$W1$xDP1 Fondo Pastorale$y55$mP5 F 48$j112194$nBK-PRI$b $qFondi$B112194$CPULBib$Z2$F112194 $HPUL2854 $81 852 $aPUL$W1$xDP1 Fondo Pastorale$y55$mP10 A 37$j112195$nBK-PRI$b $qFondi$B112195$CPULBib$Z2$F112195 $HPUL1042 $81 941 1 $a1 996 $6245$aL'esame, le interrogazioni e i compiti a casa$9(OLS)http://pul/title/114520 996 $6260$aRoma :$bEd. dell'Unione Cattolica Italiana Insegnanti medi$9(OLS)http://pul/publisher/54354 LEADER 01947nam a2200409 a 4500 001 000000127590 003 CaOOAMICUS 005 20120209112346.0 008 120209s2011 it u000 u ita r 020 $a978-88-16-37016-6 040 $aPUL$bita 041 1 $aita$hfre 082 04$a233 100 1 $aTeilhard de Chardin, Pierre,$cS.I.,$d1881-1955.$0(OLS)http://pul/name/8170 240 10$aAvenir de l'homme.$lItaliano.$0(OLS)http://pul/title/161236 245 12$aL'avvenire dell'uomo /$cPierre Teilhard de Chardin ; saggio introduttivo di Carlo Molari ; postfazione di Ludovico Galleni ; edizione italiana a cura di Annamaria Tassone Bernardi. 260 $aMilano :$bJaca Book,$cİ2011. 300 $aXL, 311p. ;$c23 cm 490 1 $aBiblioteca permanente Jaca ;$v16 490 1 $aOpere di Pierre Teilhard de Chardin 504 $aInclude riferimenti bibliografici ed indice. 650 4$aAntropologia teologica.$0(OLS)http://pul/subject/34471 700 1 $aTassone Bernardi, Annamaria.$0(OLS)http://pul/name/26694 700 1 $aGalleni, Lodovico,$d1947-$0(OLS)http://pul/name/31214 700 1 $aMolari, Carlo,$d1928-$0(OLS)http://pul/name/12620 800 1 $aTeilhard de Chardin, Pierre,$cS.I.,$d1881-1955.$tOpera omnia.$0(OLS)http://pul/nameTitle/1426$0(OLS)http://pul/name/8170$0(OLS)http://pul/title/2415 830 0$aBiblioteca permanente Jaca ;$v16.$0(OLS)http://pul/title/156674 850 $aPUL 852 $aPUL$W1$xSL Religione 3$y85$m233 TEIPI 1$j147633$qDDC 21$B146255$CPULBib$Z2$F146255 $H118768 $82 941 1 $a9 960 $aUomo (teologia)$934471 960 $aUomo (teologia)$934471 996 $6020$a978-88-16-37016-6$9(OLS)http://pul/number/148905 996 $6082$a233$9(OLS)http://pul/classification/447 996 $6245$aL'avvenire dell'uomo$9(OLS)http://pul/title/161237 996 $6260$aMilano :$bJaca Book$9(OLS)http://pul/publisher/47900